| 000 | 01443cam a2200313 i 4500 | ||
|---|---|---|---|
| 001 | 17707962 | ||
| 003 | OSt | ||
| 005 | 20180117085944.0 | ||
| 008 | 130423s2012 enk 000 0 eng | ||
| 010 | _a 2012537189 | ||
| 020 | _a9781119952879 (pbk.) | ||
| 020 | _a1119952875 (pbk.) | ||
| 040 |
_aDLC _beng _erda _cDLC |
||
| 042 | _apcc | ||
| 050 | 0 | 0 |
_aBF39 _b.H2646 2012 |
| 100 | 1 | _aHanna, Donncha. | |
| 245 | 1 | 0 |
_aPsychology statistics for dummies / _cby Donncha Hanna, Martin Dempster. |
| 300 |
_axviii, 444 pages : _billustrations ; _c24 cm. |
||
| 490 | 0 | _aFor dummies | |
| 500 | _aIncludes index. | ||
| 505 | 0 | _aIntroduction -- Describing data -- Statistical significance -- Relationships between variables -- Analysing independent groups research designs -- Analysing repeated measures research designs -- The part of tens. | |
| 520 | _aIf you want a psychology degree, you'll need to know statistics. This guide makes the knotty world of statistics a lot less baffling. The authors focus on the statistics psychology students need to know. | ||
| 650 | 0 | _aPsychometrics. | |
| 700 | 1 | _aDempster, Martin. | |
| 906 |
_a7 _bcbc _corigres _d2 _encip _f20 _gy-gencatlg |
||
| 942 |
_2ddc _cBK |
||
| 999 |
_c2560 _d2560 |
||